000 00455nam a2200181Ia 4500
001 25394
005 20260414151147.0
008 260414t2006||||xx |||||||||||||| ||spa||
041 _aESP
082 _a346.5
_bM86
100 _aMorales Moreno, Antonio Manuel
_eAUT
245 0 _aLa modernización del derecho de obligaciones
_b
260 _c2006
300 _a353 pƔginas :
_c22 cm.
650 _aDER
654 _aCDE
942 _cLIB
_dJUS
_fJUS
_2ddc
_n
999 _c25394
_d25394